000 00488nam a22001697a 4500
003 NUST - PNEC
005 20170116181011.0
008 150913b xxu||||| |||| 00| 0 eng d
020 _a007099126X
040 _cLIBRARY
082 _a005.136 LEV
100 _910160
_aLeventhal, L. A.
245 _a8080A/8085 Assembly language programming
_cLance A. Leventhal
260 _cc.1986
650 _916739
_aAssembly Language
_yMIS.Computer Science
_xMIS. Computer Science
942 _2ddc
_cBK
999 _c67084
_d67084